1 arme = 1 film (Horreur) - Statistiques

Statistiques générales
  • Ce quiz a été pris 287 fois
  • Le résultat moyen est 8 sur 16
Statistiques - réponses
Par images Réponse % Correct
Les Griffes de la nuit
89%
Scream
89%
Massacre à la tronçonneuse
87%
Shining
87%
Saw
76%
Halloween
74%
Vendredi 13
71%
Psychose
66%
Chucky
46%
Souviens-toi… l'été dernier
41%
American Psycho
29%
Misery
29%
Us
16%
Terrifier
14%
La colline a des yeux
12%
Hellraiser
11%
Aucun quiz correspondant
Distribution des résultats
% des personnes avec chaque résultat
Percentile par nombre de réponses
Votre historique - résultats
Vous n’avez pas pris ce quiz